Les Frères Footballeurs - Statistiques

Statistiques générales
  • Ce quiz a été pris 532 fois
  • Le résultat moyen est 25 sur 45
Statistiques - réponses
Réponse % Correct
Hernandez
93%
Thuram
87%
Théo
84%
Théo
84%
Luca
82%
Lucas
80%
Mbappé
78%
Marcus
77%
Khéphren
73%
Kylian
72%
Ethan
71%
Zidane
71%
Williams
69%
Lloris
66%
Hazard
64%
Hugo
63%
Eden
61%
Inaki
59%
Alcantara
58%
Thiago
57%
Boateng
56%
Ayew
55%
Lukaku
55%
Nico
54%
Pogba
54%
Jérôme
53%
Jordan
53%
Jordan
53%
Paul
52%
Romelu
52%
André
51%
Thorgan
51%
Kévin-Prince
50%
Milinkovic-Savic
45%
Doué
42%
Désiré
40%
Florentin
37%
Rafinha
36%
Nacho
35%
Fernandez
32%
Sergej
31%
Guéla
29%
Gautier
27%
Vanja
6%
Alex
5%
Aucun quiz correspondant
Distribution des résultats
% des personnes avec chaque résultat
Percentile par nombre de réponses
Votre historique - résultats
Vous n’avez pas pris ce quiz